| 000 | 00364 a2200157 4500 | ||
|---|---|---|---|
| 001 | 157201 | ||
| 040 | _cEscola São Tomás de Aquino | ||
| 100 | _aMACHADO, Ana Maria | ||
| 240 | 1 | 0 |
_aTudo ao mesmo tempo agora _lpor |
| 245 | 1 | 0 | _aTudo ao mesmo tempo agora |
| 300 | _a154 | ||
| 362 | 0 | _a2004 | |
| 440 | 1 | _aÁtica | |
| 697 | _a*LITERATURA JUVENIL | ||
| 942 | _cBK | ||
| 999 |
_c157201 _d157201 |
||